Oliver twist / (Record no. 45116)

MARC details
000 -LEADER
fixed length control field 00920nam a22002417a 4500
005 - DATE AND TIME OF LATEST TRANSACTION
control field 20100910140520.0
008 - FIXED-LENGTH DATA ELEMENTS--GENERAL INFORMATION
fixed length control field
010 ## - LCCN (DPL NO)
LC control number B-421004
020 ## - INTERNATIONAL STANDARD BOOK NUMBER
Terms of availability 200.00
International Standard Book Number 8180830187
035 ## - SYSTEM CONTROL NUMBER
System control number B-421004
037 ## - SOURCE OF ACQUISITION
Source of stock number/acquisition DBAD / Gift
040 ## - CATALOGING SOURCE
Original cataloging agency dpl
Language of cataloging English
082 ## - DEWEY DECIMAL CLASSIFICATION NUMBER
Classification number N
100 ## - MAIN ENTRY--PERSONAL NAME
Personal name Dickens, Charles
9 (RLIN) 19473
245 ## - TITLE STATEMENT
Title Oliver twist /
Statement of responsibility, etc by Charles Dickens; edited and compiled by Reema Prashar; illustrated by Shankar Nayak
260 ## - PUBLICATION, DISTRIBUTION, ETC. (IMPRINT)
Place of publication, distribution, etc Delhi
Name of publisher, distributor, etc Vimal Pustak mandir
Date of publication, distribution, etc 2007
300 ## - PHYSICAL DESCRIPTION
Extent 184p. :
Dimensions 22cm (Hb)
Other physical details ill.
490 ## - SERIES STATEMENT
Series statement Silver Bell children classics
-- 19474
520 ## - SUMMARY, ETC.
Summary, etc A little girl falls down a rabbit hole and discovers a world of nonsensical and amusing characters.
700 ## - ADDED ENTRY--PERSONAL NAME
Personal name Malik, Seema
9 (RLIN) 19475
942 ## - ADDED ENTRY ELEMENTS (KOHA)
Source of classification or shelving scheme Dewey Decimal Classification
Item type English Books
Classification part N
Call number suffix DIC
Holdings
Withdrawn status Lost status Source of classification or shelving scheme Damaged status Not for loan Collection code Home library Current library Date acquired Source of acquisition Cost, normal purchase price Total Checkouts Total Renewals Full call number Barcode Date last seen Copy number Cost, replacement price Koha item type
    Dewey Decimal Classification     Fiction Janak Puri Janak Puri 10/09/2010 DBAD/Gift 200.00 22 3 N DIC B-421004 18/10/2014 1 200.00 Children Books

© Delhi Public Library
Hit Counter
free hit counter